| 000 | 00747cam a2200241 a 4500 | ||
|---|---|---|---|
| 008 | |||
| 020 | _a0073661554 (hbk. ) | ||
| 049 | _aMAIN | ||
| 090 |
_aQA152.3 _bHUT |
||
| 100 | 1 | _aHutchison, Donald. | |
| 245 | 1 | 0 |
_aElementary and intermediate algebra : _ba unified approach / _cDonald Hutchison, Barry Bergman [and] Louis Hoelzle . |
| 260 |
_aBoston : _bMcGraw-Hill, _cc2008. |
||
| 300 |
_axviii, 880 [65] p. : _bcol. ill. ; _c26 cm. |
||
| 500 | _aIncludes index. | ||
| 650 | 0 |
_aAlgebra _vTextbooks. |
|
| 700 | 1 | _aBergman, Barry. | |
| 700 | _aHoelzle, Louis. | ||
| 907 |
_a.b10345413 _b22-07-14 _c22-07-14 |
||
| 003 | |||
| 005 | 20230123122102.0 | ||
| 040 | _cNUST | ||
| 942 |
_cBOOKS _kQA152.3 _mHUT |
||
| 999 |
_c127556 _d127556 |
||